000 00657nam a22002057a 4500
003 OSt
005 20140310181915.0
008 130716t xxu||||| |||| 00| 0 eng d
050 _aLB 1573
_b.R287 2001
082 _2TR 372.4
_bR23 2001
110 _aCORE Consurtium on REading Excellence.
_9743
245 _aReading research anthology : the why? of reading instruction /
_cCORE Consurtium on Reading Excellence.
260 _aNovato, Calif :
_bArena Press,
_cc1999.
300 _a230 p. ;
_bill. ;
_c28 cm.
521 _aFaculty
541 _j1
562 _e1
650 _aReading (Elementary)
_xUnited States
_9770
942 _2lcc
_cBK-TR
_kTR
999 _c6722
_d6722